000 00469nam a22001697a 4500
003 BD-ChCU
005 20260415130111.0
008 260415b bg ||||| |||| 00| 0 ben d
040 _cBD-ChCU
082 _a547.843 THG
100 _aThompson, M. Stafford.
_921520
245 _aCum plastics. (Rubber-Modified Plastics).//
_cM. Stafford. Thompson,
260 _aNew York.
_bReinhold.
_c1958
300 _ax, 193p
650 0 _aPlastics.
_921522
942 _2ddc
_cBK
_n0
999 _c112223
_d112223